000 01669nam a2200409 c 4500
003 BLK
005 20250728125349.0
008 180409b bul|||||r ||||||| ||bul||
010 _aKNG00106631000
020 _a954-771-050-8
040 _aBLK
041 _aBUL
_cBUL
080 _aБългарски език
_b811.163.2
_x-5(076)(075.3)
_z811.163.2-5(076)(075.3)
100 1 _aМатеева, Андриана Данаилова
_eпърви автор
_9364574
139 _aМатеева, Андриана Данаилова и др.
_bМ 39
245 1 0 _aБългарската граматика в правила и тестове
_cАндриана Данаилова Матеева; съавт. Радка Николова Кърлова.
257 _aBGR
260 _aСофия
_bКръгозор
_c2002
_fСофия : Експреспринт
300 _a176 с.
_bс табл.
_c22 см
380 _a80
490 1 _aУспешна матура : Стъпка по стъпка
_v1
500 _aОфс. изд.
650 4 _aБългарски език - граматика - учебни помагала
_9252698
653 _aбългарски език
653 _aграматика
653 _aучебни помагала
653 _aзрелостни изпити
653 _aкандидатстудентски изпити
700 1 _aКърлова, Радка Николова
_eсъавт.
_9368836
852 _aЦб 215120
856 4 _qpdf
856 4 _qpdf
942 _cKNG
_n0
_01
944 _aCR
_c01.01.2002
_k30549
_lВася Ганчева
944 _aED
_c02.10.2006
999 _c101581
_d101581
999 _d101581